On Understanding Islam (Record no. 6551)

MARC details
000 -LEADER
fixed length control field 00642nam a2200241 a 4500
020 ## - INTERNATIONAL STANDARD BOOK NUMBER
ISBN 9027987
082 00 - DEWEY DECIMAL CLASSIFICATION NUMBER
Classification number 297.1
Author Cutter SMI
100 ## - MAIN ENTRY--AUTHOR NAME
Author name Smith, Wilfred Cantwell
245 ## - TITLE STATEMENT
Title On Understanding Islam
Sub title Selected Studies.
260 ## - PUBLICATION, DISTRIBUTION, ETC. (IMPRINT)
Place of publication Hague
Name of publisher Mouton Publisher
Year of publication 1981
300 ## - PHYSICAL DESCRIPTION
Number of Pages 351p.
500 ## - GENERAL NOTE
General note includes index and biblioraphy
505 2# - FORMATTED CONTENTS NOTE
Formatted contents note Eight articles bound together
650 ## - SUBJECT ADDED ENTRY--TOPICAL TERM
Topical Term Islam-Meccan Trade
942 ## - ADDED ENTRY ELEMENTS (KOHA)
Koha item type Books
700 1# -
-- Smith, Wilfred Cantwell
Holdings
Collection code Home library Current library Date acquired Cost, normal purchase price Full call number Accession Number Koha item type
  Henry Martyn Institute Library Henry Martyn Institute Library 07/30/2007 105.00 297.1 SMI 010819 Books
                   Copyright © 2026 | Henry Martyn Institute | Hyderabad | TS-500052 | INDIA | Implemented by hmi.edu.in
Hit-Count:

Powered by Koha